Je sčítanie pre samosprávu motivujúce? poznatky a skúsenosti z participácie samosprávy na SODB 2011 v bratislavskej mestskej časti Rusovce

Význam SODB pre mestá a obce.

Gespeichert in:
Bibliographische Detailangaben
1. Verfasser: Gáfriková, Oľga
Format: Buchkapitel
Sprache:Slowakisch
Schlagworte:
Tags: Tag hinzufügen
Keine Tags, Fügen Sie das erste Tag hinzu!

MARC

LEADER 00000naa a2200000 4500
001 0190983
005 20240417075047.5
041 0 |a slo 
044 |a SK 
245 1 0 |a Je sčítanie pre samosprávu motivujúce?  |b poznatky a skúsenosti z participácie samosprávy na SODB 2011 v bratislavskej mestskej časti Rusovce  |c Oľga Gáfriková 
520 |a Význam SODB pre mestá a obce. 
610 2 0 |a sčítanie ľudu 
610 2 0 |a Slovensko 
610 2 0 |a samospráva 
610 2 0 |a informácie 
100 1 |a Gáfriková, Oľga